Nietzsche : verdad e ilusión : sobre el concepto de verdad en el joven Nietzsche /

Friedrich Nietzsche (1844-1900), filósofo alemán. Su pensamiento doctrinal es de corte nihilista y vitalista. Con su nihilismo desenmascara los falsos valores de su época y niega la actitud del hombre occidental cristiano educado en la renuncia. Cursó estudios de filología clásica en la Universidad...

Descrición completa

Gardado en:
Detalles Bibliográficos
Autor Principal: Rivero Weber, Paulina (autor)
Formato: Libro
Idioma:Lingua castelá
Publicado: México : UNAM, Facultad de Filosofía y Letras : Itaca, 2004, c2004
Temas:
Etiquetas: Engadir etiqueta
Sen Etiquetas, Sexa o primeiro en etiquetar este rexistro!

MARC

LEADER 00000nam^a2200000^a^4500
001 000174088
005 20250521000000.0
009 20260310101515.428
020 |a 968-36-8436-X 
020 |a 970-36-8436-X 
037 |a Acervo ITESO - Biblioteca 
041 |a ESP 
082 |a 149. 8  |b NIE EST RIV 
100 |a Rivero Weber, Paulina  |e (autor) 
245 1 0 |a Nietzsche :  |b verdad e ilusión : sobre el concepto de verdad en el joven Nietzsche /  |c P. Rivero Weber. 
264 4 |a México :  |b UNAM, Facultad de Filosofía y Letras :  |b Itaca,  |c 2004, c2004 
300 |a 197 p. 
336 |a texto  |b txt  |2 rdacontenido 
337 |a sin mediación  |b n  |2 rdamedio 
338 |a volumen  |b nc  |2 rdasoporte 
520 |a Friedrich Nietzsche (1844-1900), filósofo alemán. Su pensamiento doctrinal es de corte nihilista y vitalista. Con su nihilismo desenmascara los falsos valores de su época y niega la actitud del hombre occidental cristiano educado en la renuncia. Cursó estudios de filología clásica en la Universidad de Bonn y Leipzing. En este lugar tuvo un acercamiento a la filosofía de Arthur Schopenhauer y a la música de Richard Wagner, quienes influyeron en su pensamiento. Profesor de filología clásica en la Universidad de Basilea. En 1889 padeció una crisis de locura de la que ya no se recuperó. Sus producciones se clasifican en tres clases. 1. Obras filosóficas: El nacimiento de la tragedia (1872); Consideraciones intempestivas; Humano demasiado humano (1878). 2. Obras de madurez: El viajero y su sombra (1880); Aurora (1881); La gaya ciencia (1882); Así hablaba Zaratustra (1883-1885); Más allá del bien y del mal (1886); El caso Wagner (1888); El ocaso de los ídolos (1888). 3. Obras póstumas: El anticristo; Ecce Homo y Nietzsche contra Wagner. La presente obra es un análisis de El nacimiento de la tragedia, un estudio inconcluso del filósofo alemán sobre la cultura griega y la filosofía de Schopenhuaer. 
649 |a XX 
650 |a Filósofos Alemanes 
650 |a Nihilismo -  |x Historia y Crítica 
650 |a Vitalismo -  |x Historia y Crítica 
650 |a Irracionalismo -  |x Historia y Crítica 
650 |a Filosofía del Siglo XIX -  |x Historia y Crítica 
650 |a Filosofía Alemana -  |x Historia y Crítica 
650 |a Nietzsche, Friedrich -  |x Tema Principal 
910 |a Fondo General 
920 |a Impresos - Libros 
930 |a Colección General 
905 |a 101 
901 |a 0500111816  |b IT1  |c ACC  |u 20250521 
902 |a https://opac.biblio.iteso.mx/vufind/Record/000174088